[Event "South African op"]
[Site "Durban"]
[Date "2017.07.15"]
[Round "2"]
[White "Matras, Ivan"]
[Black "Naidu, Sayen"]
[Result "0-1"]
[WhiteElo "1420"]
[BlackElo "1865"]
[PlyCount "100"]
[EventDate "2017.07.14"]
[EventType "swiss"]
[EventRounds "11"]
[EventCountry "RSA"]
[SourceTitle "EXT 2018"]
[Source "ChessBase"]
[SourceDate "2017.10.13"]
[SourceVersion "1"]
[SourceVersionDate "2017.10.13"]
[SourceQuality "1"]

1. d4 Nf6 2. Nc3 c5 3. d5 g6 4. e4 d6 5. Nf3 Bg7 6. Be2 0-0 7. 0-0 a6 8. h3 b5 9. a3 Bb7 10. Bg5 b4 11. axb4 cxb4 12. Bxf6 Bxf6 13. Na4 Nd7 14. Qd2 a5 15. c3 bxc3 16. bxc3 Qc7 17. Ra3 Rfc8 18. Rc1 Nc5 19. Nxc5 Qxc5 20. Rb3 Ba6 21. Bxa6 Rxa6 22. Qh6 a4 23. Rb7 Ra7 24. Rxa7 Qxa7 25. Ng5 Bxg5 26. Qxg5 a3 27. Qd2 Qc5 28. Rc2 Qc4 29. f3 Ra8 30. Ra2 Qb3 31. Kf2 Rb8 32. Kg3 h5 33. Kf4 Kg7 34. g4 hxg4 35. hxg4 Rc8 36. Rc2 Ra8 37. Ra2 Rc8 38. Rc2 Rc4 39. g5 Ra4 40. Qh2 e5+ 41. dxe6 Qxe6 42. Qh6+ Kg8 43. Rh2 Qe5+ 44. Kg4 Qxh2 45. Qxh2 a2 46. Qxd6 a1Q 47. Qd8+ Kh7 48. Qf8 Ra7 49. c4 Qg1+ 50. Kf4 Qc1+ 0-1